000
00305nam a22001337a 4500
008
170525b xxu||||| |||| 00| 0 eng d
020
_a
9788440012869
041
_a
eng
080
_6
3 ED
_a
62
100
_a
26
101
_a
IM
245
_a
FOR ENGINEERS AND SCIENTISTS
_c
ETTER.D.M
942
_2
udc
_c
BK
999
_c
14211
_d
14211